| 000 -LEADER |
| fixed length control field |
00902nam a22002057a 4500 |
| 005 - DATE AND TIME OF LATEST TRANSACTION |
| control field |
20231009102924.0 |
| 008 - FIXED-LENGTH DATA ELEMENTS--GENERAL INFORMATION |
| fixed length control field |
231009b ||||| |||| 00| 0 eng d |
| 020 ## - INTERNATIONAL STANDARD BOOK NUMBER |
| International Standard Book Number |
9780746090824 |
| 040 ## - CATALOGING SOURCE |
| Transcribing agency |
KH8 |
| 082 ## - DEWEY DECIMAL CLASSIFICATION NUMBER |
| Classification number |
FIC PHI |
| 100 ## - MAIN ENTRY--PERSONAL NAME |
| Personal name |
Philbrick, W. R. (W. Rodman) |
| Relator term |
Author |
| 245 ## - TITLE STATEMENT |
| Title |
Lobster boy / |
| Statement of responsibility, etc. |
W. R. Philbrick |
| 260 ## - PUBLICATION, DISTRIBUTION, ETC. |
| Place of publication, distribution, etc. |
London, |
| Name of publisher, distributor, etc. |
Usborne, |
| Date of publication, distribution, etc. |
2008 |
| 300 ## - PHYSICAL DESCRIPTION |
| Extent |
177 pages ; |
| Dimensions |
20 cm |
| 520 ## - SUMMARY, ETC. |
| Summary, etc. |
Skiff Beaman has a big problem. He needs a whole heap of money to fix up his family's fishing boat. Skiff can still hear his passed-away mother's voice telling him 'Never give up'. So he comes up with a plan. It's crazy, it's dangerous, and it's going to take all Skiff's grit and strength to win a great battle against the sea |
| 650 ## - SUBJECT ADDED ENTRY--TOPICAL TERM |
| Topical term or geographic name entry element |
Adventure stories |
| 650 ## - SUBJECT ADDED ENTRY--TOPICAL TERM |
| Topical term or geographic name entry element |
Children of depressed persons |
| 650 ## - SUBJECT ADDED ENTRY--TOPICAL TERM |
| Topical term or geographic name entry element |
Children of depressed persons |
| Form subdivision |
Juvenile fiction |
| 942 ## - ADDED ENTRY ELEMENTS (KOHA) |
| Source of classification or shelving scheme |
|
| Koha item type |
Books - Fiction |